Helping yourself to a good idea (Record no. 69184)
[ view plain ]
| 000 -LEADER | |
|---|---|
| fixed length control field | 00823cam a2200217 4500 |
| 001 - CONTROL NUMBER | |
| control field | ABS64965 |
| 008 - FIXED-LENGTH DATA ELEMENTS--GENERAL INFORMATION | |
| fixed length control field | 020107n2002 000 0 eng u |
| 035 ## - SYSTEM CONTROL NUMBER | |
| System control number | (Sirsi) u116147 |
| 100 ## - MAIN ENTRY--PERSONAL NAME | |
| Personal name | Kay, B. |
| 245 ## - TITLE STATEMENT | |
| Title | Helping yourself to a good idea |
| 260 ## - PUBLICATION, DISTRIBUTION, ETC. | |
| Date of publication, distribution, etc. | 2002 |
| 490 ## - SERIES STATEMENT | |
| Series statement | Landowning in Scotland |
| Volume/sequential designation | (266) December 2001/January 2002, 16(1) |
| 520 ## - SUMMARY, ETC. | |
| Summary, etc. | Explanation of the Farm Business Development Scheme, which operates in all parts of Scotland outside the Highlands and Islands Special Transitional Programme, and how it can help farmers and landowners develop new and innovative diversified enterprises |
| 590 ## - LOCAL NOTE (RLIN) | |
| Local note | ABS |
| 650 ## - SUBJECT ADDED ENTRY--TOPICAL TERM | |
| Topical term or geographic name entry element | FARM BUSINESS DEVELOPMENT SCHEME |
| 650 ## - SUBJECT ADDED ENTRY--TOPICAL TERM | |
| Topical term or geographic name entry element | FARM DIVERSIFICATION |
| 650 ## - SUBJECT ADDED ENTRY--TOPICAL TERM | |
| Topical term or geographic name entry element | GRANTS |
| 650 ## - SUBJECT ADDED ENTRY--TOPICAL TERM | |
| Topical term or geographic name entry element | SCOTLAND |
| 690 ## - LOCAL SUBJECT ADDED ENTRY--TOPICAL TERM (OCLC, RLIN) | |
| Topical term or geographic name as entry element | RURAL-FARM BUSINESS MANAGEMENT |
| 942 ## - ADDED ENTRY ELEMENTS (KOHA) | |
| Suppress in OPAC | 0 |
| Withdrawn status | Lost status | Source of classification or shelving scheme | Damaged status | Not for loan | Home library | Current library | Shelving location | Date acquired | Total Checkouts | Full call number | Barcode | Date last seen | Copy number | Price effective from | Koha item type |
|---|---|---|---|---|---|---|---|---|---|---|---|---|---|---|---|
| Dewey Decimal Classification | London | London | Journal article | 07/01/2002 | ABS64965 | 116147-2001 | 06/08/2019 | 1 | 06/08/2019 | Journal article |